Normal view
MARC view
Entry Personal Name
001 - CONTROL NUMBER
- control field: 47200
003 - CONTROL NUMBER IDENTIFIER
- control field: dpl
005 - DATE AND TIME OF LATEST TRANSACTION
- control field: 20120516151349.0
008 - FIXED-LENGTH DATA ELEMENTS
- fixed length control field: 120516|||a|||||| | ||| d
040 ## - CATALOGING SOURCE
- Original cataloging agency: dpl
- Transcribing agency: dpl
100 ## - HEADING--PERSONAL NAME
- Personal name: सक्सेना, राजीव
670 ## - SOURCE DATA FOUND
- Source citation: Work cat.: (dpl)15817: सक्सेना, राजीव, लोकप्रिय विज्ञान अनोखा ब्रह्माण्ड /, 2007
670 ## - SOURCE DATA FOUND
- Source citation: Work cat.: (dpl)15817: सक्सेना, राजीव, लोकप्रिय विज्ञान अनोखा ब्रह्माण्ड /, 2007
